000 002900000a22001090004500
100 1 _aRivera Velázquez, Melvin
245 1 0 _aLo bueno de lo malo
300 _aVol.49, núm.210 (1994), Páginas 4-5
650 1 4 _aECOLOGÍA-REINO DE DIOS
773 0 _tLa Biblia en las Américas
942 _cANA
999 _c62912
_d62912